| 000 | 00572nam a2200241 a 4500 | ||
|---|---|---|---|
| 001 | nice12345678 | ||
| 003 | IN_TiNIC | ||
| 005 | 20260116011408.0 | ||
| 008 | 050524s1969 luca grp 000 0 urd | ||
| 020 |
_a _c4.5 |
||
| 082 | 0 | 0 |
_a891.41 _bSID |
| 100 | _aSiddiqi, Zahir Ahmed | ||
| 245 | _aFani Ki Shairi | ||
| 260 |
_aLucknow _bNaseem Book Depo _c1969 |
||
| 300 | _a237p | ||
| 500 | _aincludes index and biblioraphy | ||
| 505 | 2 | _aIndex | |
| 650 | _aUrdu-Poetry-faani | ||
| 700 | 1 | _aSiddiqi, Zahir Ahmed | |
| 902 | _bSRS | ||
| 942 | _cBK | ||
| 999 |
_c1149 _d1149 |
||